000 00519nam a22001817a 4500
005 20251108172646.0
008 250721s2001 xx 000 0 ara d
082 1 4 _a320.54/عمي
100 1 _aعميش، سمير
_eمؤلف
245 1 0 _aالقومية والعولمة /
264 1 _aعمان :
_bدار أزمنة للنشر،
_c2001.
300 _a260ص.
650 1 7 _aالقومية
650 1 7 _aالعولمة
650 1 7 _aالنظام العالمي الجديد
942 _2ddc
_cBK
999 _c85191
_d85191